000 00558nam a2200181 a 4500
005 20210219150400.0
008 991125s1905 mad 000 0 spa u
035 _aUPN01000013100
049 _aCE
050 4 _aZ94 B3.83
_bM4.4 1905
100 1 _aMhartín y Guix, Enrique
245 1 0 _aCurso completo de taquigrafía abreviada :
_bsistema Martí /
_cEnrique Mhartín y Guix.
250 _a5a. ed. ref. y ampl.
260 _aMadrid :
_bA. San Martín,
_c1905.
300 _a252 p. :
_bil.
650 4 _aTAQUIGRAFIA -
_xESTUDIO Y ENSEÑANZA
905 _aLibro
999 _c13100
_d13100